Photo Quiz: Musicians Named Michael - Statistics

General Stats
  • This quiz has been taken 130 times
  • The average score is 5 of 20
Answer Stats
Picture Hint Answer % Correct
US 70's/80's/90's Michael Jackson
99%
Canada/Croatia Pop Standards/Easy Listening Michael Buble
73%
US 80's/90's Pop Rock Ballads Michael Bolton
57%
US 80's/90's Alt Rock Michael Stipe
55%
US 1960's Micky Dolenz
52%
Australia 80's Rock Michael Hutchence
41%
UK 80's Pop Mick Hucknall
39%
US Rock/Pop 70's/80's Michael McDonald
36%
US 60's Mike Love
22%
Germany Heavy Metal Michael Schenker
10%
UK 1970's Prog Mike Oldfield
10%
UK Soul 2011 onwards Michael Kiwanuka
9%
UK 80's New Wave Mike Peters
6%
UK 80's Pop/Rock Mick Talbot
4%
UK 70's Solo Guitarist Folk/Prog/Jazz Michael Chapman
3%
UK Late 70's/Early 80's Art Rock Mick Karn
3%
UK Late 60's/70's Mickey Finn
2%
Australia Alt 80's/90's Mick Harvey
2%
UK 1980's Alt/New Wave Mike Scott
2%
UK 70's Rock-Pop Mik Kaminski
0%
No matching quizzes found
Score Distribution
Percent of People with Each Score
Percentile by Number Answered
Your Score History
You have not taken this quiz